| 000 | 00587nam a2200193Ia 4500 | ||
|---|---|---|---|
| 005 | 20250508150616.0 | ||
| 008 | 008 250505s9999 xx 000 0 eng d | ||
| 037 | _aTextual | ||
| 040 |
_aFEDL _beng _cFEDL |
||
| 041 |
_aeng _2eng |
||
| 084 |
_a155.35, BUH _qFEDL |
||
| 100 |
_aBuhler Karl _988612 |
||
| 245 | 0 | _aMental development of the child: A summary of modern psychological theory | |
| 260 |
_aLondon, UK _bRoutledge and Kegan Paul Limited _c1930 |
||
| 300 | _axi,170p | ||
| 650 | _aChild psychology | ||
| 942 |
_cTEXL _h155.35, BUH |
||
| 999 |
_c1324557 _d1324557 |
||